000 00209nam a22001097a 4500
040 _cSY
082 _a658
100 _aKHIEV SOCHEAT
245 _aFimancial management
260 _aRUA
_bKHI
_c2006
942 _cKB
999 _c9836
_d9836